| 000 | 00426nam a2200157Ia 4500 | ||
|---|---|---|---|
| 008 | 221030s9999 xx 000 0 und d | ||
| 020 | _a0070144576 | ||
| 041 | _aEnglish | ||
| 100 | _aA. K. Talukder | ||
| 245 | 0 |
_aMobile Computing : Technology, Applications & Service Creation _cby A. K. Talukder |
|
| 250 | _a2nd | ||
| 260 |
_bMcGraw - Hill Pub. _aNew Delhi _c2014 |
||
| 300 | _a627 | ||
| 650 | _aComputers | ||
| 942 | _cBK | ||
| 999 |
_c15816 _d15816 |
||